L' Italia e la guerra nei Balcani
| Main Author: | |
|---|---|
| Format: | Print Article |
| Language: | Italian |
| Check availability: | HBZ Gateway |
| Interlibrary Loan: | Interlibrary Loan for the Fachinformationsdienste (Specialized Information Services in Germany) |
| Published: |
1999
|
| In: |
La civiltà cattolica
Year: 1999, Volume: 150, Issue: 3572, Pages: 179-189 |
| Standardized Subjects / Keyword chains: | B
Johannes Paul, II., Pope 1920-2005
/ Southern Italy (motif)
/ Kosovo War, 1998-1999
|
| RelBib Classification: | CG Christianity and Politics KBJ Italy KDB Roman Catholic Church TK Recent history |
MARC
| LEADER | 00000caa a22000002c 4500 | ||
|---|---|---|---|
| 001 | 1642767735 | ||
| 003 | DE-627 | ||
| 005 | 20220616114149.0 | ||
| 007 | tu | ||
| 008 | 160405s1999 xx ||||| 00| ||ita c | ||
| 035 | |a (DE-627)1642767735 | ||
| 035 | |a (DE-576)465539009 | ||
| 035 | |a (DE-599)BSZ465539009 | ||
| 040 | |a DE-627 |b ger |c DE-627 |e rakwb | ||
| 041 | |a ita | ||
| 084 | |a 1 |2 ssgn | ||
| 100 | 1 | |0 (DE-588)1022570994 |0 (DE-627)717001911 |0 (DE-576)171493230 |4 aut |a Simone, Michele |d 1943-2013 | |
| 109 | |a Simone, Michele 1943-2013 | ||
| 245 | 1 | 3 | |a L' Italia e la guerra nei Balcani |
| 264 | 1 | |c 1999 | |
| 336 | |a Text |b txt |2 rdacontent | ||
| 337 | |a ohne Hilfsmittel zu benutzen |b n |2 rdamedia | ||
| 338 | |a Band |b nc |2 rdacarrier | ||
| 652 | |a CG:KBJ:KDB:TK | ||
| 689 | 0 | 0 | |d p |0 (DE-588)118558064 |0 (DE-627)035255234 |0 (DE-576)161596290 |2 gnd |a Johannes Paul |b II. |c Papst |d 1920-2005 |
| 689 | 0 | 1 | |d g |0 (DE-588)4027833-5 |0 (DE-627)106283235 |0 (DE-576)208972501 |2 gnd |a Italien |
| 689 | 0 | 2 | |d s |0 (DE-588)4547508-8 |0 (DE-627)270773835 |0 (DE-576)213574209 |2 gnd |a Kosovo-Krieg |
| 689 | 0 | |5 (DE-627) | |
| 773 | 0 | 8 | |i In |t La civiltà cattolica |d Roma : [Verlag nicht ermittelbar], 1850 |g 150(1999), 3572, Seite 179-189 |w (DE-627)129068314 |w (DE-600)1536-2 |w (DE-576)014399830 |x 0009-8167 |7 nnas |
| 773 | 1 | 8 | |g volume:150 |g year:1999 |g number:3572 |g pages:179-189 |
| 935 | |a mteo | ||
| 951 | |a AR | ||
| ELC | |b 1 | ||
| ITA | |a 1 |t 1 | ||
| LOK | |0 000 xxxxxcx a22 zn 4500 | ||
| LOK | |0 001 3307184865 | ||
| LOK | |0 003 DE-627 | ||
| LOK | |0 004 1642767735 | ||
| LOK | |0 005 20160405131519 | ||
| LOK | |0 008 160404||||||||||||||||ger||||||| | ||
| LOK | |0 040 |a DE-Tue135 |c DE-627 |d DE-Tue135 | ||
| LOK | |0 092 |o n | ||
| LOK | |0 852 |a DE-Tue135 | ||
| LOK | |0 852 1 |9 00 | ||
| LOK | |0 935 |a ixzs |a ixmi | ||
| LOK | |0 936ln |0 1442053887 |a TK | ||
| LOK | |0 936ln |0 1442048786 |a KBJ | ||
| LOK | |0 936ln |0 1442049839 |a KDB | ||
| LOK | |0 936ln |0 1442043911 |a CG | ||
| LOK | |0 939 |a 04-04-16 |b l01 | ||
| ORI | |a SA-MARC-ixtheoa001.raw | ||
| REL | |a 1 | ||
| STA | 0 | 0 | |a Kosovo War, 1998-1999,Operation Allied Force, 1999,Southern Italy (motif),Italy,Italy,Italy,Italy,Lower Italy,Mezzogiorno,Southern Italy,Northwestern Italy |
| STB | 0 | 0 | |a Guerre du Kosovo,Yougoslavie,Sud de l'Italie (motif),Italie |
| STC | 0 | 0 | |a Guerra delo Kosovo,Italia |
| STD | 0 | 0 | |a Guerra del Kosovo,Italia |
| STE | 0 | 0 | |a 科索沃战争 |
| STF | 0 | 0 | |a 科索沃戰爭 |
| STG | 0 | 0 | |a Guerra do Kosovo,Itália |
| STH | 0 | 0 | |a Война в Косово,Италия (мотив) |
| STI | 0 | 0 | |a Ιταλία (μοτίβο),Πόλεμος του Κοσόβου |
| SUB | |a REL | ||
| SYG | 0 | 0 | |a Johannes Paul,II.,Papst, Heiliger,1920-2005,Johannes Paulus,II.,Papst,1920-2005,Johannes Paulus,II.,Papa,1920-2005,Giovanni Paolo,II.,Papa,1920-2005,Ioannes Paulus,II.,Papa,1920-2005,Wojtyła, Karol,1920-2005,Wojtyła, Karol Józef,1920-2005,Ioannis Paulus,II.,Papst,1920-2005,Ivan Pavao,II.,Papst,1920-2005,Ivan Pavlo,II.,Papst,1920-2005,Jan Pavel Druhý,Papst,1920-2005,Ján Pavol,II.,Papst,1920-2005,Jan Paweł,II.,Papst,1920-2005,Jan Paweł,II,Papież,1920-2005,Janez Pavel,II.,Papst,1920-2005,Jānis Pāvils,II.,Pāvests,1920-2005,János Pál,II.,Pápa,1920-2005,Jean Paul,II.,Papst,1920-2005,Jean Paul,II.,Pape,1920-2005,Jean-Paul,II.,Pape,1920-2005,Joannes Paulus,II.,Papa,1920-2005,Johannes Paulus,II.,Paus,1920-2005,Johano Paŭlo la Dua,Papst,1920-2005,John Paul,II.,Papst,1920-2005,John Paul,II.,Pope,1920-2005,Juan Pablo,II.,Papst,1920-2005,Juan Pablo,II.,Papa,1920-2005,Joany Paoly,II.,Papa,1920-2005,Vojtyla, Karol,1920-2005,Wojtyla, Carlo,1920-2005,Vojtila, Karol,1920-2005,Wojtyla, Karol,1920-2005,Wojtyla, Karol,Heiliger,1920-2005,Johannes Paul,II.,Heiliger,1920-2005,Yuḥannā Būlus,II.,al-Bābā,1920-2005,Yuhạnnā Būlus,II.,al-Bābā,1920-2005,Yuḥannā-Būlus at-Tānī, al-Bābā,1920-2005,Yuhạnnā-Būlus at-Tanī, al-Bābā,1920-2005,Yūhạnnā Būlus at-Tanī, al-Bābā,1920-2005,Yūḥannā Būlus at-Tānī, al-Bābā,1920-2005,Ioann Pavel,II.,Papa,1920-2005,Ioannes Paulos,II.,Papa,1920-2005,Johano Paŭlo,II.,Papst,1920-2005,Gioan-Phaolô,II.,Papst,1920-2005,Johannes Paul,II.,1920-2005,Johannes Paul,II,Papst,1920-2005,Jawień, Andrzej,1920-2005,Gruda, Stanisław A.,1920-2005,Jasień, Piotr,1920-2005,Johannes Paul,II,Pape,1920-2005,Johannes Paul,II,Pope,1920-2005 , Italy , Italia,Königreich Italien,Repubblica Italiana,Italiya Respublikasi,Italijos Respublika,Olaszorszaǵ,Olasz Koz̈taŕsasaǵ,Regno d'Italia,Italienische Republik,République Italienne,Yidali-gongheguo,Italy , Kosovokonflikt,Kosovo-Konflikt,Kosova-Krieg,Kosovokrieg,Operation Allied Force,Operacija Milosrdni anđeo,Operacija Saveznička snaga,Lufta e Kosovës |
| TIM | |a 100018610317_100020261231 |b 1861-03-17 - 2026 | ||



